Normal view
MARC view
- PAKISTAN-HISTORY BIOGRAPHY-ZIA UL HAQ
Entry Topical Term
001 - CONTROL NUMBER
- control field: 79185
003 - CONTROL NUMBER IDENTIFIER
- control field: NUST
005 - DATE AND TIME OF LATEST TRANSACTION
- control field: 20210628210405.0
008 - FIXED-LENGTH DATA ELEMENTS
- fixed length control field: 210628|| aca||aabn | a|a d
040 ## - CATALOGING SOURCE
- Original cataloging agency: NUST
- Transcribing agency: NUST
150 ## - HEADING--TOPICAL TERM
- Topical term or geographic name entry element: PAKISTAN-HISTORY BIOGRAPHY-ZIA UL HAQ
670 ## - SOURCE DATA FOUND
- Source citation: Work cat.: (NUST): K.M. Arif.Gen Lt Col Ghulam Jillani 79184, Zia ul haq kay hamra, 1996
